000 02098njm a2200397Ia 4500
001 40116
003 IT-RoPAU
005 20220918181118.0
008 131025s9999 xx 000 0 und d
040 _aIT-RoPAU
040 _cIT-RoPAU
041 _aITALIANO
999 _c99581
_d99581
999 _bn.d.
100 _aAA.VV.
_9794
100 _eAutore musica
_920838
100 _gCodice autore musica SPICS: 12000
_9796
245 _aGrandi duetti (I), vol. 03
250 _a1a ed.
260 _aITALIA
260 _bSELEZIONE
_c1972 [1a Ed.:1972]
300 _aDISCO
500 _aMusica classica. Musica operistica. Musica lirica
505 _aMadama Butterfly: vogliatemi bene... dolce notte - Boheme: o soave fanciulla - Tosca: duetto d'amore - Rigoletto: sì, vendetta! - La forza del destino: solenne in quest'ora - Un ballo in maschera: teco io sto... - I racconti di Hoffmann: Belle nuit - Carmen: c'est toi! C'est moi! -
511 _aOrchestra della Rca Italiana diretta da Leinsdorf Erich
511 _aOrchestra del Teatro dell'Opera di Roma diretta da Leinsdorf Erich
511 _aOrchestra della Rca Italiana diretta da Solti Georg
511 _aOrchestra del Teatro dell'Opera di Roma diretta da Schippers Thomas
511 _aNew Philharmonia Orchestra diretta da Guadagno Anton
511 _aOrchestra Filarmonica di Vienna e Coro diretta da Von Karajan Herbert
650 _aOPERA [DISCHI]
_eCodice MATERIA SPICS: 9950
_9961
700 _aPuccini Giacomo
_dCodice autore musica SPICS: 11082
_eAutore musica
_pMadama Butterfly: vogliatemi bene... dolce notte - Boheme: o soave fanciulla - Tosca: duetto d'amore
_920839
700 _aVerdi Giuseppe
_dCodice autore musica SPICS: 89
_eAutore musica
_pRigoletto: sì, vendetta! - La forza del destino: solenne in quest'ora - Un ballo in maschera: teco io sto...
_920840
700 _aOffenbach Jacques
_dCodice autore musica SPICS: 11045
_eAutore musica
_pI racconti di Hoffmann: Belle nuit
_920841
700 _aBizet Georges
_dCodice autore musica SPICS: 10724
_eAutore musica
_pCarmen: c'est toi! C'est moi!
_920842
942 _cMD
_2ddc